000 00477nam a2200193Ia 4500
005 20250423094430.0
008 250422s9999 xx 000 0 und d
020 _a978-0-53455297-8
050 _aTJ 145 .W53/
100 _aWickert, Jonathern
245 3 _aAn introduction to mechanical engineering
250 _a2nd ed.
260 _aOntario
260 _bThomson Brooks/Cole
260 _c2006
300 _a398 p
650 _aMechanical Engineering
942 _cBK
999 _c27221
_d27221